[Event "Kaupthing Open Differdange"]
[Site "Differdange"]
[Date "2007.07.13"]
[Round "8.28"]
[White "Graf, Felix"]
[Black "Steil Antoni, Fiona"]
[Result "1-0"]
[WhiteElo "2273"]
[BlackElo "2065"]
[PlyCount "55"]
[EventType "swiss"]
[EventCountry "LUX"]

1. d4 d5 2. c4 e6 3. Nc3 Be7 4. cxd5 exd5 5. Nf3 Nf6 6. Bg5 c6 7. Qc2 Nbd7 8.
e3 O-O 9. Bd3 Re8 10. h3 Nf8 11. Bf4 Ng6 12. Bh2 Bd6 13. Bxd6 Qxd6 14. O-O-O a5
15. Kb1 b5 16. Rc1 Bd7 17. g4 b4 18. Na4 Reb8 19. Qc5 Qc7 20. b3 Qd8 21. Ne5
Nxe5 22. dxe5 Ne4 23. Bxe4 dxe4 24. Rhd1 Rb5 25. Qd6 Rd5 26. Rxd5 cxd5 27. Nb6
Ra7 28. Rc8 1-0

[Event "Kaupthing Open Differdange"]
[Site "Differdange"]
[Date "2007.07.13"]
[Round "8.31"]
[White "Linster, Philippe"]
[Black "Smokina, Karolina"]
[Result "0-1"]
[WhiteElo "2053"]
[BlackElo "2205"]
[PlyCount "137"]
[EventType "swiss"]
[EventCountry "LUX"]

1. c4 e5 2. Nc3 Nc6 3. Nf3 g6 4. g3 Bg7 5. Bg2 d6 6. d3 Nge7 7. O-O O-O 8. Rb1
a5 9. a3 f5 10. Qc2 h6 11. b4 g5 12. b5 Nb8 13. a4 Nd7 14. Ba3 Rb8 15. b6 Nxb6
16. Nb5 Rf6 17. Qb3 c5 18. e3 Nd7 19. d4 e4 20. Nd2 Nc6 21. Qc3 b6 22. Rfd1 Nb4
23. Rb2 Ba6 24. Nb1 Bxb5 25. cxb5 Rf7 26. Bf1 d5 27. Bxb4 axb4 28. Qb3 c4 29.
Qxb4 Bf8 30. Qd2 Nf6 31. Nc3 Ba3 32. Rc2 Bb4 33. Rb2 Bxc3 34. Qxc3 Ra8 35. Ra1
Rfa7 36. Qb4 Qf8 37. Be2 Qxb4 38. Rxb4 Ne8 39. Kf1 Nd6 40. Bd1 Kg7 41. Rc1 Kf6
42. Rb2 f4 43. Rcb1 f3 44. Ke1 h5 45. h3 Kf5 46. Kd2 Ne8 47. Bc2 Nd6 48. Kc3
Ke6 49. Rg1 Rf8 50. Rbb1 Nb7 51. Rbc1 Na5 52. Rb1 Rfa8 53. Ra1 Nb7 54. Rab1 Nd6
55. Rb4 Rf8 56. Rbb1 Nf5 57. Rbe1 g4 58. h4 Rg8 59. Bd1 Rc7 60. Bc2 Ra8 61. Bd1
Nd6 62. Bc2 Rca7 63. Rb1 Rg8 64. Rbc1 Nf5 65. Rce1 Rga8 66. Ra1 Ra5 67. Rab1
R8a7 68. Rb4 Rf7 69. Bd1 {illisible} 0-1

[Event "Kaupthing Open Differdange"]
[Site "Differdange"]
[Date "2007.07.13"]
[Round "8.33"]
[White "Wagener, Claude"]
[Black "Ristic, Alexandre"]
[Result "1-0"]
[WhiteElo "2307"]
[BlackElo "2094"]
[PlyCount "153"]
[EventType "swiss"]
[EventCountry "LUX"]

1. e4 a6 2. d4 d5 3. exd5 Qxd5 4. Nc3 Qd6 5. Nf3 Nf6 6. g3 Bg4 7. h3 Bxf3 8.
Qxf3 Nc6 9. Be3 O-O-O 10. Bg2 e5 11. dxe5 Qxe5 12. O-O Bd6 13. a3 Qh5 14. g4
Qe5 15. Rfd1 h5 16. g5 Nh7 17. Rd5 Qh2+ 18. Kf1 f6 19. Ne4 fxg5 20. Nxd6+ Rxd6
21. Rxd6 Qxd6 22. Qxh5 Qf6 23. c3 g6 24. Qg4+ Qf5 25. Qc4 Qb5 26. Qxb5 axb5 27.
a4 bxa4 28. Rxa4 Nd8 29. Ra8+ Kd7 30. Bxb7 Nf6 31. Bg2 Rh5 32. Bd4 Ne8 33. Bf3
Rh7 34. Ra5 Nd6 35. Rxg5 Ne6 36. Bg4 Ke7 37. Re5 Nf5 38. Kg2 Rf7 39. Be3 Kd6
40. Ra5 Nxe3+ 41. fxe3 Nc5 42. Bf3 c6 43. b4 Nd3 44. Ra1 Ne5 45. Rd1+ Ke6 46.
Bg4+ Ke7 47. Kg3 g5 48. Ra1 Kd6 49. Ra8 Nc4 50. Rd8+ Kc7 51. Re8 Nd6 52. Re5
Kb6 53. Bf3 Nf5+ 54. Kg4 Nh6+ 55. Kxg5 Rxf3 56. Kxh6 Rxh3+ 57. Kg5 Rf3 58. Kg4
Rf1 59. Rc5 Rf6 60. Rf5 Re6 61. Kf4 Kc7 62. Re5 Rh6 63. Ke4 Kd6 64. Rg5 Rh4+
65. Kd3 Rh6 66. Kd4 Re6 67. e4 Kc7 68. Re5 Rd6+ 69. Kc5 Rd3 70. c4 Rd7 71. Re6
Kb7 72. e5 Rc7 73. Rd6 Rc8 74. Rd7+ Ka6 75. e6 Rc7 76. b5+ cxb5+ 77. Rxc7 1-0

[Event "Kaupthing Open Differdange"]
[Site "Differdange"]
[Date "2007.07.13"]
[Round "8.34"]
[White "Preiss, Veronika"]
[Black "Wagener, Anna"]
[Result "0-1"]
[WhiteElo "2039"]
[BlackElo "2292"]
[PlyCount "66"]
[EventType "swiss"]
[EventCountry "LUX"]

1. d4 f5 2. e4 fxe4 3. Nc3 Nf6 4. Bg5 Nc6 5. Bxf6 exf6 6. d5 Ne5 7. Nxe4 f5 8.
Ng3 Bc5 9. Nf3 Ng4 10. Nd4 O-O 11. Nge2 f4 12. f3 Qh4+ 13. Kd2 Qf2 14. Kc3 Ne3
15. Qe1 Nxd5+ 16. Kc4 Bxd4 17. Nxd4 Ne3+ 18. Kc3 Qxe1+ 19. Rxe1 c6 20. g3 Nd5+
21. Kd2 Ne3 22. gxf4 Nxf1+ 23. Rhxf1 Rxf4 24. Re8+ Kf7 25. Rfe1 Rxd4+ 26. Kc1
Rd6 27. Rh8 Re6 28. Rg1 h6 29. f4 d5 30. f5 Re7 31. f6 Kxf6 32. Rf1+ Ke6 33.
Rff8 Kd7 0-1

[Event "Kaupthing Open Differdange"]
[Site "Differdange"]
[Date "2007.07.13"]
[Round "8.35"]
[White "Holm, Sejer"]
[Black "Priewasser, Joerg"]
[Result "1-0"]
[WhiteElo "2262"]
[BlackElo "2022"]
[PlyCount "82"]
[EventType "swiss"]
[EventCountry "LUX"]

1. d4 Nf6 2. c4 d6 3. Nc3 Bf5 4. f3 e5 5. d5 e4 6. g4 Nxg4 7. Bf4 exf3 8. Nxf3
Nf6 9. Bg2 Be7 10. Nd4 Bg6 11. Qb3 Nh5 12. O-O Nxf4 13. Rxf4 Bg5 14. Rf3 Qc8
15. Bh3 Nd7 16. Qa4 Kd8 17. Raf1 Bf6 18. Qd1 Qb8 19. Qd2 a6 20. e3 Re8 21. Qf2
Qa7 22. Nce2 Re7 23. Rd1 Bh5 24. Bxd7 Bxf3 25. Qxf3 Kxd7 26. Qh3+ Kd8 27. Kf2
h6 28. Rg1 Re5 29. Nf5 g6 30. Nxh6 Ke7 31. Nf4 Rh8 32. Rg3 Qb6 33. Rxg6 Qxb2+
34. Kf3 Rxe3+ 35. Kxe3 Qc3+ 36. Nd3 Qd4+ 37. Kd2 Qc3+ 38. Ke2 Qc2+ 39. Ke3 Rxh6
40. Rxh6 Bg5+ 41. Kd4 b5 1-0

[Event "Kaupthing Open Differdange"]
[Site "Differdange"]
[Date "2007.07.13"]
[Round "8.37"]
[White "Beukema, Stefan"]
[Black "Berg, Runar"]
[Result "0-1"]
[WhiteElo "1994"]
[BlackElo "2129"]
[PlyCount "88"]
[EventType "swiss"]
[EventCountry "LUX"]

1. e4 e5 2. Nf3 Nc6 3. d4 exd4 4. Nxd4 Bc5 5. Be3 Qf6 6. c3 Nge7 7. Bc4 Qg6 8.
O-O a6 9. Nxc6 Qxc6 10. Qh5 Bxe3 11. Qxf7+ Kd8 12. fxe3 Qg6 13. Nd2 b5 14. Bb3
c5 15. Qxg6 Nxg6 16. Bd5 Rb8 17. Rf7 Rb6 18. Rxg7 Rd6 19. Nf3 Kc7 20. Ng5 Re8
21. Rxh7 Ne5 22. b3 Ng4 23. Rh3 Re7 24. Rg3 Nxe3 25. Nf7 Rxd5 26. exd5 Nxd5 27.
Rg5 d6 28. Rxd5 Rxf7 29. Rf1 Re7 30. h4 Re4 31. h5 Rh4 32. g3 Rg4 33. Kh2 Be6
34. h6 Bxd5 35. h7 Re4 36. Rf8 Re1 37. g4 Rh1+ 38. Kg3 Rxh7 39. g5 Re7 40. Kg4
Re3 41. g6 Rxc3 42. g7 Rc2 43. Kh5 Rxa2 44. Kg6 Rg2+ 0-1

[Event "Kaupthing Open Differdange"]
[Site "Differdange"]
[Date "2007.07.13"]
[Round "8.38"]
[White "Musholt, Joachim"]
[Black "Wagner, Steven"]
[Result "1/2-1/2"]
[WhiteElo "1942"]
[BlackElo "2120"]
[PlyCount "45"]
[EventType "swiss"]
[EventCountry "LUX"]

1. e4 e6 2. d4 d5 3. Nc3 Bb4 4. e5 c5 5. a3 cxd4 6. Qxd4 Nc6 7. Bb5 Ba5 8. Nf3
Nge7 9. Bg5 Qc7 10. O-O Nf5 11. Qa4 h6 12. Bd2 Bb6 13. Bd3 Nfd4 14. Nxd4 Bxd4
15. Nb5 Qb6 16. Nxd4 Qxd4 17. Qxd4 Nxd4 18. Bb4 Bd7 19. f4 Rc8 20. Rf2 b6 21.
a4 Nc6 22. Bd6 f6 23. Ba6 1/2-1/2

[Event "Kaupthing Open Differdange"]
[Site "Differdange"]
[Date "2007.07.13"]
[Round "8.39"]
[White "Weller, Manuel"]
[Black "Funke, Reinhard"]
[Result "0-1"]
[WhiteElo "1958"]
[BlackElo "2236"]
[PlyCount "72"]
[EventType "swiss"]
[EventCountry "LUX"]

1. d4 d5 2. Nf3 Nf6 3. Bf4 c5 4. e3 e6 5. c3 Be7 6. Nbd2 O-O 7. Bd3 Nc6 8. Bg3
Qb6 9. Rb1 Bd7 10. Ne5 Rfd8 11. f4 Be8 12. Bf2 Nd7 13. g4 Nf8 14. g5 Nxe5 15.
dxe5 Qa5 16. h4 b5 17. h5 b4 18. cxb4 Qxb4 19. Qg4 g6 20. hxg6 fxg6 21. Rh6 c4
22. Bc2 c3 23. bxc3 Qxc3 24. Bb3 Bb4 25. Rd1 a5 26. e4 a4 27. Rh3 Qc6 28. exd5
exd5 29. f5 Bxd2+ 30. Rxd2 gxf5 31. Qxf5 axb3 32. Rxb3 Qc1+ 33. Ke2 Bh5+ 34.
Ke3 d4+ 35. Kd3 Qf1+ 36. Kc2 Rdc8+ 0-1

[Event "Kaupthing Open Differdange"]
[Site "Differdange"]
[Date "2007.07.13"]
[Round "8.40"]
[White "Risch, Michel"]
[Black "Boettger, Lukas"]
[Result "1/2-1/2"]
[WhiteElo "2030"]
[BlackElo "2109"]
[PlyCount "82"]
[EventType "swiss"]
[EventCountry "LUX"]

1. d4 Nf6 2. c4 g6 3. Nc3 d5 4. Nf3 Bg7 5. Qb3 dxc4 6. Qxc4 O-O 7. e4 Na6 8.
Be2 c5 9. d5 e6 10. O-O exd5 11. exd5 Bf5 12. Bg5 h6 13. Bh4 Qb6 14. Qb5 Qxb5
15. Bxb5 Nc7 16. d6 Nxb5 17. Nxb5 Bd3 18. Nc7 Bxf1 19. Nxa8 Bxg2 20. Kxg2 Rxa8
21. Rd1 Rd8 22. b3 Kf8 23. h3 g5 24. Bg3 Nd7 25. Rd5 Re8 26. a4 Re4 27. Nd2 Rd4
28. Rxd4 Bxd4 29. f4 Kg7 30. Nc4 f5 31. Na5 b6 32. Nc6 a6 33. Nxd4 cxd4 34. Bf2
d3 35. Be3 Kg6 36. Kf3 b5 37. axb5 axb5 38. Bd2 Kh5 39. Ke3 g4 40. hxg4+ Kxg4
41. Kxd3 h5 1/2-1/2

[Event "Kaupthing Open Differdange"]
[Site "Differdange"]
[Date "2007.07.13"]
[Round "8.41"]
[White "Bishop, Peter"]
[Black "Penzel, Frank"]
[Result "0-1"]
[WhiteElo "1853"]
[BlackElo "2210"]
[PlyCount "80"]
[EventType "swiss"]
[EventCountry "LUX"]

1. e4 e5 2. d4 exd4 3. Bc4 Nc6 4. Nf3 Bc5 5. O-O h6 6. c3 d3 7. Bxd3 d6 8. b4
Bb6 9. a4 a6 10. h3 Ne5 11. Nxe5 dxe5 12. Qc2 Nf6 13. Na3 c6 14. Nc4 Bc7 15.
Be3 Be6 16. Rad1 Nd7 17. a5 O-O 18. Be2 Qh4 19. f4 exf4 20. Bf2 Qg5 21. h4 Qg6
22. Bd4 Rfe8 23. Bd3 Bxc4 24. Bxc4 Qxe4 25. Bd3 Qe7 26. Rde1 Qxh4 27. Bf2 Qg5
28. Rxe8+ Rxe8 29. Qd1 Ne5 30. Be2 Rd8 31. Bd4 Ng6 32. Qe1 Nh4 33. Qf2 Re8 34.
Bf3 Nf5 35. Bb6 Be5 36. Bd4 Bxd4 37. cxd4 Re3 38. d5 Nd4 39. Kh2 Nxf3+ 40. gxf3
Qxd5 0-1

[Event "Kaupthing Open Differdange"]
[Site "Differdange"]
[Date "2007.07.13"]
[Round "8.42"]
[White "Oud, Niek"]
[Black "Herbold, Manfred"]
[Result "1-0"]
[WhiteElo "2058"]
[BlackElo "2167"]
[PlyCount "78"]
[EventType "swiss"]
[EventCountry "LUX"]

1. d4 e6 2. c4 d5 3. Nc3 c6 4. e3 f5 5. Nf3 Nf6 6. Qc2 Bd6 7. a3 O-O 8. b4 Bd7
9. Bd2 Ne4 10. Rb1 g5 11. Ne5 Qf6 12. Nxe4 fxe4 13. Bc3 Be8 14. b5 b6 15. c5
Bxe5 16. dxe5 Qf5 17. Bd4 cxb5 18. Bxb5 Bxb5 19. Rxb5 Nd7 20. O-O Rac8 21. Qa4
bxc5 22. Bc3 Rc7 23. Qa5 Rfc8 24. f4 d4 25. exd4 cxd4 26. fxg5 Qxf1+ 27. Kxf1
dxc3 28. Rb1 c2 29. Rc1 Nb6 30. Qe1 Rc4 31. Qe3 Nd5 32. Qh3 Nf4 33. Qh6 Rd8 34.
Qf6 Rf8 35. Qh6 e3 36. g6 hxg6 37. g3 Nd5+ 38. Ke2 Rg4 39. Kd3 Rd8 1-0

[Event "Kaupthing Open Differdange"]
[Site "Differdange"]
[Date "2007.07.13"]
[Round "8.43"]
[White "Boyarchenko, Alex"]
[Black "Mauquoi, Rudi"]
[Result "1-0"]
[WhiteElo "1952"]
[BlackElo "2064"]
[PlyCount "49"]
[EventType "swiss"]
[EventCountry "LUX"]

1. e4 c5 2. c3 e6 3. d4 d5 4. exd5 exd5 5. Be3 c4 6. b3 cxb3 7. axb3 Nf6 8. Bd3
Bd6 9. Qe2 Qe7 10. Nd2 Bg4 11. Ngf3 Nc6 12. O-O O-O 13. Rfe1 Qc7 14. Bg5 h6 15.
Bxf6 gxf6 16. h3 Bd7 17. Nh4 Rac8 18. Qd1 Bh2+ 19. Kh1 Qf4 20. Nhf3 Kh8 21.
Nxh2 Rg8 22. Ndf3 Rxg2 23. Kxg2 Rg8+ 24. Kh1 Bxh3 25. Rg1 1-0

[Event "Kaupthing Open Differdange"]
[Site "Differdange"]
[Date "2007.07.14"]
[Round "9.2"]
[White "Stefansson, Hannes"]
[Black "Velicka, Petr"]
[Result "1-0"]
[WhiteElo "2568"]
[BlackElo "2507"]
[PlyCount "107"]
[EventType "swiss"]
[EventCountry "LUX"]

1. e4 c6 2. d4 d5 3. Nd2 dxe4 4. Nxe4 Bf5 5. Ng3 Bg6 6. h4 h6 7. Nf3 e6 8. Ne5
Bh7 9. Bd3 Bxd3 10. Qxd3 Nd7 11. f4 Be7 12. Bd2 Nxe5 13. fxe5 Bxh4 14. O-O-O
Bxg3 15. Qxg3 g6 16. Bg5 Qd5 17. Kb1 Kd7 18. Qf2 Rf8 19. Rh4 b5 20. Rdh1 h5 21.
R1h3 f5 22. Rc3 Ke8 23. Rc5 Qd7 24. Qf3 Ne7 25. Bxe7 Kxe7 26. Rxc6 Rc8 27. Ra6
Kf7 28. d5 Qxd5 29. Rxa7+ Kg8 30. Qxd5 exd5 31. Rb4 Rh7 32. Rxh7 Kxh7 33. Rxb5
h4 34. Rb7+ Kh6 35. a4 f4 36. Rf7 Kg5 37. a5 Kg4 38. e6 Kg3 39. e7 Re8 40. a6
Kxg2 41. Rxf4 h3 42. Rg4+ Kf2 43. Rxg6 Rxe7 44. Rh6 Kg2 45. b4 h2 46. b5 Ra7
47. Kb2 h1=Q 48. Rxh1 Kxh1 49. Kc3 Kg2 50. Kd4 Kf3 51. Kxd5 Kf4 52. c4 Kf5 53.
c5 Kf6 54. b6 1-0

[Event "Kaupthing Open Differdange"]
[Site "Differdange"]
[Date "2007.07.14"]
[Round "9.3"]
[White "Erdos, Viktor"]
[Black "Gharamian, Tigran"]
[Result "1/2-1/2"]
[WhiteElo "2523"]
[BlackElo "2517"]
[PlyCount "43"]
[EventType "swiss"]
[EventCountry "LUX"]

1. d4 Nf6 2. c4 e6 3. Nc3 Bb4 4. Qc2 d5 5. a3 Bxc3+ 6. Qxc3 Ne4 7. Qc2 c5 8.
dxc5 Nc6 9. e3 Qa5+ 10. Bd2 Nxd2 11. Qxd2 Qxc5 12. cxd5 exd5 13. Rc1 Qd6 14.
Bb5 O-O 15. Ne2 Ne5 16. Nf4 Rd8 17. O-O d4 18. Qxd4 Qxd4 19. exd4 Rxd4 20. Rfd1
Rxd1+ 21. Rxd1 Bf5 22. Nd5 1/2-1/2

[Event "Kaupthing Open Differdange"]
[Site "Differdange"]
[Date "2007.07.14"]
[Round "9.4"]
[White "Steingrimsson, Hedinn"]
[Black "Malakhatko, Vadim"]
[Result "1-0"]
[WhiteElo "2470"]
[BlackElo "2590"]
[PlyCount "149"]
[EventType "swiss"]
[EventCountry "LUX"]

1. e4 c6 2. d4 d5 3. e5 Bf5 4. Nc3 a6 5. g4 Bd7 6. Be3 e6 7. Qd2 c5 8. dxc5 Qc7
9. O-O-O Bc6 10. Bd4 Nd7 11. Qe3 h5 12. g5 Ne7 13. Bd3 g6 14. Nge2 Bg7 15. f4
O-O 16. Rhg1 Rfe8 17. Ng3 Rab8 18. Kb1 a5 19. Qe2 b6 20. cxb6 Nxb6 21. Ka1 Nd7
22. h4 a4 23. a3 Qa5 24. Nxh5 gxh5 25. Qxh5 Nf8 26. Qg4 Nf5 27. Bxf5 exf5 28.
Qxf5 Ne6 29. g6 Rb7 30. Rg3 Nxd4 31. Rxd4 Qb6 32. Rb4 Qa7 33. gxf7+ Rxf7 34.
Qg6 Qd7 35. Ne2 d4 36. Rxd4 Qe6 37. h5 Qxg6 38. Rxg6 Bf3 39. h6 Bxe2 40. Rxa4
Rc8 41. c3 Bd3 42. Rxg7+ Rxg7 43. hxg7 Kxg7 44. Rd4 Bc4 45. Kb1 Bb3 46. Rb4 Be6
47. Kc2 Bf5+ 48. Kb3 Be6+ 49. Ka4 Kg6 50. Kb5 Kf5 51. a4 Rb8+ 52. Kc6 Ra8 53.
Kb7 Bd5+ 54. Kb6 Be4 55. a5 Kxf4 56. e6 Re8 57. a6 Rxe6+ 58. Ka5 Re7 59. Rb5
Bf3 60. Rc5 Ke3 61. b4 Kd3 62. b5 Re1 63. Rc8 Re7 64. Kb6 Re6+ 65. Ka7 Re7+ 66.
Kb6 Re6+ 67. Kc7 Re7+ 68. Kb8 Re6 69. c4 Kd4 70. c5 Kc4 71. b6 Re7 72. Rc7 Re8+
73. Rc8 Re7 74. b7 Kb5 75. Ka7 1-0

[Event "Kaupthing Open Differdange"]
[Site "Differdange"]
[Date "2007.07.14"]
[Round "9.5"]
[White "Kritz, Leonid"]
[Black "Henrichs, Thomas"]
[Result "1-0"]
[WhiteElo "2571"]
[BlackElo "2496"]
[PlyCount "103"]
[EventType "swiss"]
[EventCountry "LUX"]

1. e4 c5 2. Nc3 a6 3. Nge2 d6 4. g3 b5 5. Bg2 Bb7 6. O-O Nf6 7. d3 e6 8. f4 Nc6
9. h3 h5 10. a3 Be7 11. Be3 Nd7 12. Qd2 Bf6 13. Rab1 Qc7 14. Nd1 Nb6 15. Nf2
Nd4 16. Nc1 Nc6 17. c3 c4 18. d4 Na5 19. Ne2 O-O-O 20. g4 hxg4 21. Nxg4 Bh4 22.
f5 Nb3 23. Qc2 e5 24. Rbd1 f6 25. Nc1 Na5 26. Nh2 d5 27. dxe5 fxe5 28. Nf3 Bf6
29. Qf2 Na4 30. Ng5 d4 31. cxd4 exd4 32. Bf4 Qe7 33. Ne6 Nc6 34. e5 Nxe5 35.
Rfe1 Nc6 36. Nxd4 Rxd4 37. Rxe7 Rxd1+ 38. Re1 Bd4 39. Rxd1 Bxf2+ 40. Kxf2 Nxb2
41. Rd6 Na5 42. Be5 Bxg2 43. Kxg2 Nd3 44. Bxg7 Rd8 45. Rxa6 Kb7 46. Rxa5 Kb6
47. Bc3 Nxc1 48. a4 bxa4 49. Rxa4 Rd3 50. Rxc4 Ne2 51. Be5 Re3 52. Bh2 1-0

[Event "Kaupthing Open Differdange"]
[Site "Differdange"]
[Date "2007.07.14"]
[Round "9.6"]
[White "Schlosser, Philipp"]
[Black "Meijers, Viesturs"]
[Result "1/2-1/2"]
[WhiteElo "2562"]
[BlackElo "2483"]
[PlyCount "194"]
[EventType "swiss"]
[EventCountry "LUX"]

1. e4 c5 2. Nf3 e6 3. d4 cxd4 4. Nxd4 a6 5. c4 d6 6. Nc3 Nd7 7. Be2 b6 8. O-O
Bb7 9. Be3 Ngf6 10. f3 Be7 11. a4 O-O 12. a5 bxa5 13. Nb3 Rb8 14. Nxa5 Ba8 15.
Qd2 d5 16. cxd5 exd5 17. exd5 Bc5 18. Bxc5 Nxc5 19. Qd4 Ne6 20. Qf2 Nxd5 21.
Nxd5 Qxd5 22. Bxa6 Nf4 23. Rfd1 Qg5 24. Kh1 h5 25. Bf1 h4 26. Nc4 h3 27. g3 Rb3
28. Nd2 Rxb2 29. gxf4 Qxf4 30. Bxh3 Rd8 31. Qg3 Qxg3 32. hxg3 Rbxd2 33. Rxd2
Bxf3+ 34. Rg2 g6 35. Rf1 Bxg2+ 36. Kxg2 f5 37. Rf2 Kg7 38. Rc2 Kh6 39. Kf2 Kg5
40. Bg2 Rd3 41. Bf3 Ra3 42. Rd2 Ra6 43. Rd4 Ra2+ 44. Be2 Rb2 45. Kf3 Rb3+ 46.
Bd3 Ra3 47. Ke3 Ra2 48. Rd6 Ra3 49. Rb6 Ra4 50. Bc2 Ra2 51. Bd1 Ra1 52. Be2
Ra3+ 53. Kf2 Ra2 54. Re6 Ra5 55. Rd6 Ra2 56. Kf3 Ra3+ 57. Rd3 Ra2 58. Re3 Ra5
59. Bc4 Rc5 60. Bf7 Kf6 61. Be8 g5 62. Rb3 g4+ 63. Kf2 Kg5 64. Rb7 Rc2+ 65. Kf1
Rc1+ 66. Ke2 Rc2+ 67. Kd3 Rg2 68. Rg7+ Kf6 69. Rf7+ Ke6 70. Ra7 Rxg3+ 71. Kd4
Kf6 72. Ra6+ Kg5 73. Rg6+ Kf4 74. Rf6 Rg1 75. Kd3 Re1 76. Bc6 Kg5 77. Rf8 f4
78. Be4 Re3+ 79. Kd4 Ra3 80. Rf5+ Kh4 81. Rxf4 Ra4+ 82. Ke5 Ra5+ 83. Bd5 Rb5
84. Rf1 Kg5 85. Rd1 Rb4 86. Be4 Rb5+ 87. Kd4 Kf4 88. Rf1+ Kg3 89. Ke3 Rb3+ 90.
Bd3 Kg2 91. Rd1 g3 92. Kf4 Kh2 93. Be4 g2 94. Rd2 Rg3 95. Ra2 Rg8 96. Bxg2 Rxg2
97. Rxg2+ Kxg2 1/2-1/2

[Event "Kaupthing Open Differdange"]
[Site "Differdange"]
[Date "2007.07.14"]
[Round "9.9"]
[White "Wehmeier, Stefan"]
[Black "Georgiev, Vladimir"]
[Result "1/2-1/2"]
[WhiteElo "2417"]
[BlackElo "2567"]
[PlyCount "159"]
[EventType "swiss"]
[EventCountry "LUX"]

1. d4 Nf6 2. c4 e6 3. Nf3 d5 4. Nc3 c6 5. Bg5 h6 6. Bxf6 Qxf6 7. e3 Nd7 8. Qc2
Bb4 9. a3 Bxc3+ 10. Qxc3 O-O 11. cxd5 exd5 12. Be2 Qe7 13. O-O Nf6 14. b4 Ne4
15. Qb2 Bg4 16. Ne5 Bxe2 17. Qxe2 Rfe8 18. Nd3 Nd6 19. a4 a5 20. Rab1 Nc4 21.
h3 Qf6 22. Qe1 Qf5 23. Qc3 b5 24. axb5 cxb5 25. bxa5 Rxa5 26. Ne5 Ra2 27. Qb3
Rea8 28. Qxb5 Nd2 29. Nc6 Kh8 30. Nb4 R2a5 31. Qd3 Qxd3 32. Nxd3 Nxb1 33. Rxb1
Ra1 34. Rxa1 Rxa1+ 35. Kh2 g5 36. h4 Kg7 37. hxg5 hxg5 38. g4 Kf6 39. Kg3 Ke6
40. f4 Kf6 41. fxg5+ Kxg5 42. Nf4 Rg1+ 43. Kf3 Rf1+ 44. Kg3 Rg1+ 45. Kf3 Rxg4
46. Nxd5 f5 47. Nf4 Rh4 48. Ne6+ Kf6 49. Nf4 Rh1 50. Kg2 Ra1 51. Kg3 Ke7 52.
Kf3 Kd6 53. Ne2 Ra2 54. Ng3 Ke6 55. e4 Ra3+ 56. Kf4 fxe4 57. Nxe4 Kd5 58. Nf6+
Kxd4 59. Kf5 Ra6 60. Ng4 Ra1 61. Nf6 Rf1+ 62. Ke6 Rf4 63. Nd7 Re4+ 64. Kf5 Re1
65. Nf6 Re7 66. Kf4 Re5 67. Ng4 Ra5 68. Nf6 Rb5 69. Ng4 Rb1 70. Kf5 Kd5 71.
Ne3+ Kc5 72. Ke4 Rb4+ 73. Ke5 Rb8 74. Ke4 Re8+ 75. Kd3 Re5 76. Nc2 Rd5+ 77. Ke4
Rd8 78. Ke3 Re8+ 79. Kd3 Re3+ 80. Kxe3 1/2-1/2

[Event "Kaupthing Open Differdange"]
[Site "Differdange"]
[Date "2007.07.14"]
[Round "9.10"]
[White "Valuet, Bertrand"]
[Black "Sulava, Nenad"]
[Result "1-0"]
[WhiteElo "2303"]
[BlackElo "2544"]
[PlyCount "53"]
[EventType "swiss"]
[EventCountry "LUX"]

1. d4 Nf6 2. c4 c5 3. d5 b5 4. cxb5 a6 5. bxa6 g6 6. Nc3 Bxa6 7. g3 Bg7 8. Bg2
d6 9. Nf3 Nbd7 10. Rb1 O-O 11. O-O Ra7 12. b3 Nb6 13. e4 Qa8 14. Nh4 Ne8 15.
Bd2 Nc7 16. Qc1 Nbxd5 17. Nxd5 Nxd5 18. Bh6 Bxh6 19. Qxh6 Bb7 20. Rfc1 Nf6 21.
f3 Rc8 22. a4 c4 23. Bh3 Rc6 24. f4 Nxe4 25. f5 g5 26. Ng6 hxg6 27. fxg6 1-0

[Event "Kaupthing Open Differdange"]
[Site "Differdange"]
[Date "2007.07.14"]
[Round "9.12"]
[White "Wirig, Anthony"]
[Black "Van Dooren, Dirk"]
[Result "0-1"]
[WhiteElo "2487"]
[BlackElo "2331"]
[PlyCount "52"]
[EventType "swiss"]
[EventCountry "LUX"]

1. c4 e5 2. e3 Nf6 3. a3 d6 4. b4 g6 5. Bb2 Bg7 6. d3 O-O 7. Be2 Nbd7 8. Nd2
Re8 9. Ngf3 Nf8 10. Qc2 h5 11. h3 a5 12. b5 Ne6 13. a4 Nc5 14. Nb3 e4 15. Nfd4
exd3 16. Bxd3 Nxd3+ 17. Qxd3 Ne4 18. Nd2 Nc5 19. Qc2 Bf5 20. Nxf5 Bxb2 21. Ra2
Be5 22. g4 gxf5 23. Qxf5 Qf6 24. Qxh5 Bc3 25. Qd5 Re5 26. Qg2 Nd3+ 0-1

[Event "Kaupthing Open Differdange"]
[Site "Differdange"]
[Date "2007.07.14"]
[Round "9.14"]
[White "Kasparov, Sergey"]
[Black "Mamedjarova, Zeinab"]
[Result "0-1"]
[WhiteElo "2500"]
[BlackElo "2384"]
[PlyCount "74"]
[EventType "swiss"]
[EventCountry "LUX"]

1. d4 d5 2. c4 e6 3. Nc3 Nf6 4. cxd5 exd5 5. Bf4 c6 6. e3 Bd6 7. Bg3 O-O 8. Bd3
Re8 9. Nge2 Qe7 10. Qc2 Nbd7 11. O-O-O Nf8 12. Kb1 Bd7 13. Bxd6 Qxd6 14. h3 b5
15. g4 Reb8 16. Ng3 a5 17. g5 Ne8 18. Nce2 a4 19. Qc5 Qxc5 20. dxc5 Ne6 21. Rc1
Nxg5 22. Nd4 g6 23. h4 Ne6 24. Nge2 Nxd4 25. Nxd4 Nf6 26. a3 b4 27. axb4 Rxb4
28. Kc2 Ng4 29. Rhf1 Ne5 30. Be2 Rab8 31. Rb1 Nc4 32. Kc3 Nxb2 33. Bb5 R8xb5
34. Nxb5 Rb3+ 35. Kd4 Rxb5 36. Ra1 f6 37. Ra2 Rb3 0-1

[Event "Kaupthing Open Differdange"]
[Site "Differdange"]
[Date "2007.07.14"]
[Round "9.15"]
[White "Jansa, Vlastimil"]
[Black "Berend, Fred"]
[Result "1-0"]
[WhiteElo "2494"]
[BlackElo "2346"]
[PlyCount "76"]
[EventType "swiss"]
[EventCountry "LUX"]

1. e4 e5 2. Nf3 d6 3. d4 exd4 4. Nxd4 Nf6 5. Nc3 Be7 6. Bd3 O-O 7. O-O Nbd7 8.
Nf5 Nc5 9. Nxe7+ Qxe7 10. Bg5 Qe5 11. f4 Qd4+ 12. Kh1 Ng4 13. Qe2 Nxd3 14. cxd3
Qe3 15. Qc2 Qc5 16. f5 c6 17. Qe2 Ne5 18. Rad1 Qa5 19. d4 Nd7 20. Be7 Re8 21.
Bxd6 b5 22. b4 Qd8 23. Rd3 a5 24. e5 Nf6 25. Qd2 axb4 26. Bxb4 Nd5 27. f6 gxf6
28. Nxd5 cxd5 29. Rxf6 Be6 30. a3 Kh8 31. Rg3 Rg8 32. Rxg8+ Qxg8 33. Be7 Qe8
34. Bc5 Qd7 35. Qh6 Rg8 36. h3 Bf5 37. Rd6 Qe7 38. Kh2 Be4 {
Remaining moves are illegible. (49 moves).} 1-0

[Event "Kaupthing Open Differdange"]
[Site "Differdange"]
[Date "2007.07.14"]
[Round "9.16"]
[White "Lagerman, Robert"]
[Black "Lobzhanidze, Davit"]
[Result "0-1"]
[WhiteElo "2315"]
[BlackElo "2470"]
[PlyCount "96"]
[EventType "swiss"]
[EventCountry "LUX"]

1. e4 c5 2. f4 Nc6 3. Nf3 g6 4. Nc3 Bg7 5. Bc4 e6 6. O-O Nge7 7. d3 d5 8. Bb5
O-O 9. Bxc6 Nxc6 10. e5 a6 11. d4 Nxd4 12. Nxd4 cxd4 13. Qxd4 Qc7 14. Be3 Bd7
15. Qd2 f6 16. exf6 Bxf6 17. Bd4 Qc4 18. Rad1 Rac8 19. Bxf6 Rxf6 20. g3 Rf7 21.
Qd4 Qxd4+ 22. Rxd4 h6 23. h4 Kg7 24. Re1 g5 25. hxg5 hxg5 26. Re5 gxf4 27. gxf4
Kf6 28. Rg5 Rh7 29. Kf2 Be8 30. Rg2 Bg6 31. Ke3 Rh3+ 32. Kd2 Bf5 33. a4 b6 34.
Rb4 Rc6 35. Rd4 a5 36. Rf2 Rc8 37. Rg2 Rch8 38. Kc1 Rh2 39. Rdd2 Rxg2 40. Rxg2
Rc8 41. Rd2 Rc4 42. Ne2 Rxa4 43. Rd4 Ra1+ 44. Kd2 Rb1 45. Kc3 Rh1 46. Rd2 Rh3+
47. Kd4 Rf3 48. b3 Bg6 0-1

[Event "Kaupthing Open Differdange"]
[Site "Differdange"]
[Date "2007.07.14"]
[Round "9.18"]
[White "Barthel, Ansgar"]
[Black "Michiels, Bart"]
[Result "0-1"]
[WhiteElo "2182"]
[BlackElo "2454"]
[PlyCount "80"]
[EventType "swiss"]
[EventCountry "LUX"]

1. e4 c5 2. Nf3 Nc6 3. d4 cxd4 4. Nxd4 e6 5. Nxc6 bxc6 6. Bd3 d5 7. O-O Nf6 8.
Nd2 Bd6 9. Qe2 Qc7 10. h3 O-O 11. Re1 e5 12. b3 Re8 13. Bb2 Bb7 14. c4 d4 15.
Nf1 a5 16. Ng3 a4 17. Nf5 Bf8 18. Qf3 Bc8 19. g4 Nd7 20. Bc2 Qa5 21. Red1 Nc5
22. Qe2 Ne6 23. bxa4 Ba6 24. Bb3 Reb8 25. Bc1 Qc3 26. Bd2 Qxh3 27. Bc1 Nc5 28.
Ba3 d3 29. Qe3 Qxg4+ 30. Qg3 Qxg3+ 31. Nxg3 Nxb3 32. axb3 Rxb3 33. Bxf8 Kxf8
34. Nf5 g6 35. Ne3 Ke7 36. Ra2 Ke6 37. Kg2 f5 38. exf5+ gxf5 39. Rh1 Rg8+ 40.
Kf3 f4 0-1